[Event "23rd Reykjavik op"]
[Site "Reykjavik ISL"]
[Date "2008.03.11"]
[Round "9.38"]
[White "Bjarnason, Oskar"]
[Black "Brynjarsson, Helgi"]
[WhiteElo "2290"]
[BlackElo "1914"]
[Result "1-0"]
[EventDate "2008.03.03"]
[PlyCount "131"]

1.e4 e5 2.Nf3 Nc6 3.Bb5 a6 4.Bxc6 dxc6 5.d3 f6 6.Be3 Bg4 7.h3 Bh5 8.Nc3 c5
9.Ne2 Bxf3 10.gxf3 Bd6 11.f4 Qd7 12.Qd2 O-O-O 13.O-O-O Ne7 14.fxe5 fxe5 
15.f4 Rhf8 16.f5 g6 17.fxg6 Nxg6 18.Qa5 Kb8 19.h4 Rf3 20.Bxc5 Bxc5 21.Qxc5
Qe6 22.Kb1 b6 23.Qa3 Kb7 24.h5 Nf4 25.Nxf4 exf4 26.Qb3 Qg4 27.Qf7 Rd7 28.
Qf6 Rh3 29.b3 Rd6 30.Qf7 Rd7 31.Qf6 Rd6 32.Qf7 Rd7 33.Qf8 Rxh5 34.Rhf1 Rh4
35.Rd2 Qg7 36.Qxg7 Rxg7 37.Rdf2 Rf7 38.Kb2 Kc6 39.Kc3 Kd6 40.b4 Ke5 41.a4 
c6 42.Kc4 Rh3 43.Rg1 f3 44.Rg4 h5 45.d4+ Ke6 46.Rg6+ Ke7 47.Rxc6 b5+ 48.
axb5 axb5+ 49.Kd5 Kd7 50.Ra6 Rf4 51.e5 Rhh4 52.c3 Rf5 53.Rf6 Rxf6 54.exf6 
Ke8 55.Rxf3 Kf7 56.Kc5 Rg4 57.Kxb5 h4 58.Rf5 h3 59.Rh5 Rg3 60.Rh6 Rxc3 61.
d5 Rf3 62.Kc5 Rxf6 63.Rxh3 Ke7 64.Rh7+ Kd8 65.b5 Kc8 66.b6 1-0

[Event "23rd Reykjavik op"]
[Site "Reykjavik ISL"]
[Date "2008.03.11"]
[Round "9.39"]
[White "Frank-Nielsen, Marie"]
[Black "Sigurjonsson, Stefan Thor"]
[WhiteElo "1969"]
[BlackElo "2136"]
[Result "1/2-1/2"]
[EventDate "2008.03.03"]
[PlyCount "42"]

1.e4 e6 2.d4 d5 3.Nc3 Bb4 4.Bd3 dxe4 5.Bxe4 f5 6.Bf3 Nf6 7.Ne2 O-O 8.O-O 
Nd5 9.a3 Be7 10.Nf4 Nxc3 11.bxc3 g5 12.Nd3 c5 13.Bb2 Nc6 14.Bxc6 bxc6 15.
Ne5 Bf6 16.Re1 cxd4 17.cxd4 Qc7 18.Qe2 Rb8 19.c4 Ba6 20.Rac1 Bxe5 21.dxe5 
Rb3 1/2-1/2

[Event "23rd Reykjavik op"]
[Site "Reykjavik ISL"]
[Date "2008.03.11"]
[Round "9.40"]
[White "Vigfusson, Vigfus"]
[Black "Gueneau, Christophe"]
[WhiteElo "2052"]
[BlackElo "2126"]
[Result "0-1"]
[EventDate "2008.03.03"]
[PlyCount "40"]

1.e4 e5 2.Nf3 Nf6 3.Nc3 Nc6 4.d4 exd4 5.Nxd4 Bb4 6.Nxc6 bxc6 7.Bd3 d5 8.
exd5 cxd5 9.O-O O-O 10.Bg5 c6 11.Qf3 Be7 12.Rae1 Be6 13.Qg3 Rb8 14.f4 Rb4 
15.a3 Rxb2 16.Qh4 h6 17.Rxe6 fxe6 18.Bxh6 gxh6 19.Qxh6 Rf7 20.Rf3 Qf8 0-1

[Event "23rd Reykjavik op"]
[Site "Reykjavik ISL"]
[Date "2008.03.11"]
[Round "9.41"]
[White "Steil-Antoni, Fiona"]
[Black "Kristinsson, Bjarni Jens"]
[WhiteElo "2122"]
[BlackElo "1822"]
[Result "1-0"]
[EventDate "2008.03.03"]
[PlyCount "139"]

1.e4 c5 2.Nc3 Nc6 3.f4 e6 4.Nf3 d5 5.Bb5 Bd7 6.exd5 exd5 7.Nxd5 Bd6 8.O-O 
a6 9.Be2 Be6 10.Nc3 Bxf4 11.d3 Bxc1 12.Qxc1 Nf6 13.Qg5 Nd4 14.Qxc5 Nxc2 
15.Rac1 Rc8 16.Qf2 Ng4 17.Qg3 Nd4 18.Nxd4 Qxd4+ 19.Kh1 h5 20.Rce1 Rd8 21.
Rf4 Qb6 22.Bxg4 hxg4 23.Qxg4 Qd6 24.h3 Rh6 25.Ne4 Qxd3 26.Nc5 Qd2 27.Rfe4 
Rg6 28.Qf3 Rd6 29.Nxe6 Rdxe6 30.Rxe6+ fxe6 31.Re2 Qd1+ 32.Kh2 Qd6+ 33.Kg1 
Qd1+ 34.Qf1 Qd4+ 35.Qf2 Qd3 36.Rd2 Qb1+ 37.Kh2 Rf6 38.Qb6 Qe4 39.Qc7 Qf4+ 
40.Qxf4 Rxf4 41.Rd6 Ra4 42.Rxe6+ Kf7 43.Rb6 Rxa2 44.Kg3 a5 45.Kf4 a4 46.
Kf5 g6+ 47.Kg5 a3 48.Rxb7+ Ke6 49.bxa3 Rxg2+ 50.Kf4 g5+ 51.Kf3 Ra2 52.Ra7 
Kf5 53.Ra5+ Kf6 54.Ra8 Ra1 55.a4 Kf5 56.a5 Ra3+ 57.Kg2 Ra2+ 58.Kf1 Ra3 59.
a6 Kf4 60.a7 Kg3 61.Ke2 Kg2 62.h4 Ra2+ 63.Ke3 Ra3+ 64.Ke4 Ra4+ 65.Kf5 gxh4
66.Rg8+ Kh1 67.a8=Q+ Rxa8 68.Rxa8 h3 69.Kg4 Kg2 70.Ra2+ 1-0

[Event "23rd Reykjavik op"]
[Site "Reykjavik ISL"]
[Date "2008.03.11"]
[Round "9.43"]
[White "Fridgeirsson, Dagur Andri"]
[Black "Almer, Julia"]
[WhiteElo "1798"]
[BlackElo "1914"]
[Result "0-1"]
[EventDate "2008.03.03"]
[PlyCount "68"]

1.d4 e6 2.c4 f5 3.Nc3 Nf6 4.Nf3 d5 5.g3 c6 6.Bg2 Bd6 7.O-O O-O 8.cxd5 exd5
9.Ne5 Nbd7 10.f4 Ne4 11.Nxe4 fxe4 12.Nxd7 Bxd7 13.Qb3 Qb6 14.Qxb6 axb6 15.
Be3 Bg4 16.Rf2 b5 17.h3 Bd7 18.Rff1 b4 19.Rfc1 b6 20.b3 Ra3 21.Rc2 Rfa8 
22.Rb2 c5 23.Rc1 c4 24.bxc4 Rxe3 25.c5 Bc7 26.Rxb4 bxc5 27.Rb7 Rxg3 28.Kf2
Bxf4 29.Rxc5 Bxh3 30.Bxh3 Rxh3 31.a4 Rh2+ 32.Ke1 Be3 33.Kf1 Rf8+ 34.Ke1 
Rh1# 0-1

[Event "23rd Reykjavik op"]
[Site "Reykjavik ISL"]
[Date "2008.03.11"]
[Round "9.44"]
[White "Kristinardottir, Elsa Maria"]
[Black "Magnusson, Bjarni"]
[WhiteElo "1721"]
[BlackElo "1913"]
[Result "1-0"]
[EventDate "2008.03.03"]
[PlyCount "105"]

1.e4 d6 2.d4 Nf6 3.Nc3 g6 4.f4 Bg7 5.Nf3 O-O 6.Bd3 Nc6 7.e5 dxe5 8.dxe5 
Nd5 9.Nxd5 Qxd5 10.Qe2 Bg4 11.Be4 Qd7 12.c3 f6 13.Qc4+ Be6 14.Bxc6 bxc6 
15.Qc5 Bd5 16.exf6 exf6 17.O-O Rfe8 18.Be3 Bf8 19.Qd4 c5 20.Qd2 Qf5 21.h3 
Rad8 22.Qf2 Bxf3 23.Qxf3 Rd3 24.Rfe1 c4 25.Rad1 Rexe3 26.Rxe3 Bc5 27.Re1 
Qe6 28.Kf2 Qb6 29.Re2 Rxe3 30.Rxe3 Qxb2+ 31.Kg3 Bxe3 32.Qxe3 Kf7 33.Qd4 
Qe2 34.Qd7+ Qe7 35.Qd5+ Qe6 36.Qd2 Qd6 37.Qe2 Qd3+ 38.Qxd3 cxd3 39.Kf3 Ke6
40.Ke3 d2 41.Kxd2 Kd5 42.Kd3 f5 43.a3 h5 44.h4 a6 45.c4+ Kc5 46.Kc3 a5 47.
Kd3 a4 48.Kc3 c6 49.g3 Kb6 50.Kd4 Kc7 51.Ke5 Kb6 52.Kd6 Kb7 53.c5 1-0